00751cam a22002774i 4500003000900000005001700009008004100026020001800067020001500085035002000100082002200120100002700142245005100169264003600220300005600256336002000312337002400332338002200356505003500378526000900413526000900422526000800431526000800439526000800447541001800455PE-LiUPU20250731183413.0181114s2014 sp a r 000 0 spa d a9788490540145 a8490540144 a(Sirsi) a25064904a728.0222bB842201 aBroto, Xavier,eautor. aIdeas para espacios reducidos /cXavier Broto. aBarcelona :bLinksBooks,c2014. a239 páginas :bilustraciones ;c27 centímetros. text2rdacontent unmediated2rdamedia volume2rdacarrier0 aIdeas para espacios reducidos. aP158 aP146 aP17 aP12 aP06 g002-00000605;